The elements of real analysis.
Uloženo v:
| Hlavní autor: | |
|---|---|
| Médium: | Kniha |
| Jazyk: | angličtina |
| Vydáno: |
New York, USA:
Wiley,
1976.
|
| Vydání: | 2a. ed |
| Témata: | |
| Tagy: |
Přidat tag
Žádné tagy, Buďte první, kdo vytvoří štítek k tomuto záznamu!
|
MARC
| LEADER | 00000nam a2200000 a 4500 | ||
|---|---|---|---|
| 001 | UCW1157 | ||
| 003 | CL-VaPUC | ||
| 005 | 20250221122428.0 | ||
| 008 | 911017e19760000US |||||||||||||||||eng|d | ||
| 999 | |c 216093 |d 216091 | ||
| 040 | |c Pontificia Universidad Católica de Valparaíso | ||
| 082 | 0 | 4 | |a 515.8 BAR 1976 |2 21 |
| 100 | 0 | |a Bartle, Robert Gardner |e author |9 305069 | |
| 245 | 1 | 4 | |a The elements of real analysis. |
| 250 | |a 2a. ed | ||
| 260 | |a New York, USA: |b Wiley, |c 1976. | ||
| 300 | |a 480 páginas. | ||
| 583 | |a last modification |c 19911017 00:00:00 |k Rodrigo Vera | ||
| 650 | 0 | |a Análisis matemático |9 260146 | |
| 650 | 0 | |a Funciones de variables reales |9 304566 | |
| 942 | |c BK |2 ddc | ||
| 945 | |d 19911017 00:00:00 | ||
| 952 | |0 0 |1 0 |2 ddc |4 0 |6 515_800000000000000_BAR_1976 |7 0 |8 A |9 201553 |a BIBMAT |b BIBMAT |d 2019-11-14 |i 2688018 |o 515.8 BAR 1976 |p 2688018 |r 2025-01-07 |w 2019-11-14 |y BK |k MAT | ||